[Event "Int. Stuttgarter Stadtmeisterschaft A"]
[Site "Ditzingen"]
[Date "2018.05.10"]
[Round "1.26"]
[White "Schroeter, Samuel"]
[Black "Cummings, Orlyn"]
[Result "1-0"]
[WhiteElo "2125"]
[BlackElo "1883"]
[PlyCount "109"]
[EventDate "2018.??.??"]
[WhiteTeam "SC Böblingen"]
[BlackTeam "SK Schmiden/Cannstatt"]

1. c4 f5 2. Nc3 Nf6 3. Nf3 g6 4. d3 d6 5. g3 Bg7 6. Bg2 O-O 7. Bg5 e5 8. Qd2 c6
9. O-O-O Nbd7 10. e4 Nc5 11. Nh4 Qc7 12. exf5 gxf5 13. Kb1 Rb8 14. Rhe1 a6 15.
Bh3 Ng4 16. f3 h6 17. fxg4 hxg5 18. Nxf5 Bxf5 19. gxf5 Qd8 20. Ne4 b5 21. Qxg5
Nxe4 22. Qxd8 Nc3+ 23. bxc3 Rfxd8 24. Kc2 Kf7 25. Bg2 d5 26. h4 Bf6 27. Bf3 Rf8
28. Rg1 Rbd8 29. Bh5+ Ke7 30. Bg6 Kd6 31. Rh1 Rh8 32. Rd2 Rh6 33. Rdh2 Rdh8 34.
a4 bxc4 35. dxc4 Kc5 36. cxd5 cxd5 37. Rb1 Kc6 38. Re2 Kc7 39. a5 Rd8 40. Rd2
Rd6 41. Bf7 d4 42. cxd4 exd4 43. Kd3 Rh7 44. Rc2+ Kd8 45. Be6 Ke8 46. Rc8+ Bd8
47. Ke4 Rc7 48. Rxc7 Bxc7 49. g4 d3 50. g5 d2 51. Bb3 Bxa5 52. f6 Rb6 53. Ba4+
Kf8 54. Rxb6 Bxb6 55. g6 1-0

[Event "Int. Stuttgarter Stadtmeisterschaft A"]
[Site "Ditzingen"]
[Date "2018.05.10"]
[Round "1.27"]
[White "Recker, Martin"]
[Black "Schwab, Matthias"]
[Result "0-1"]
[WhiteElo "1879"]
[BlackElo "2117"]
[PlyCount "96"]
[EventDate "2018.??.??"]
[WhiteTeam "SF Freiberg"]
[BlackTeam "SC Böblingen"]

1. Nf3 d5 2. d4 Nf6 3. c4 e6 4. g3 Bb4+ 5. Bd2 Bd6 6. Bg2 O-O 7. O-O c6 8. Bg5
Nbd7 9. Nbd2 h6 10. Bf4 Bxf4 11. gxf4 c5 12. e3 b6 13. cxd5 exd5 14. Ne5 Bb7
15. Ndf3 Rc8 16. a4 a6 17. h3 c4 18. Qe1 Qe7 19. Kh2 Ne4 20. Nxd7 Qxd7 21. Ne5
Qc7 22. Bxe4 dxe4 23. Qc3 Bd5 24. Rg1 Qe7 25. Rg3 Kh7 26. Rag1 Rg8 27. Qc2 b5
28. axb5 axb5 29. Qe2 f6 30. Ng6 Qd7 31. Nh4 g5 32. Ng2 Qf5 33. Qh5 Be6 34. h4
g4 35. Qxf5+ Bxf5 36. Rc1 Ra8 37. Ne1 Ra2 38. Rc2 Rc8 39. Rg1 b4 40. Ng2 b3 41.
Rc3 Rxb2 42. Kg3 Ra2 43. Rb1 h5 44. Ne1 Kg6 45. Kg2 Be6 46. Kf1 Rca8 47. Ng2
Ra1 48. f5+ Kxf5 0-1

[Event "Int. Stuttgarter Stadtmeisterschaft A"]
[Site "Ditzingen"]
[Date "2018.05.10"]
[Round "1.28"]
[White "Hesse, Henrik"]
[Black "Metzdorf, Matteo"]
[Result "1-0"]
[WhiteElo "2109"]
[BlackElo "1849"]
[PlyCount "103"]
[EventDate "2018.??.??"]
[WhiteTeam "SV Mattnetz Berlin"]
[BlackTeam "SG Trier"]

1. c4 e6 2. g3 d5 3. Bg2 Nf6 4. Nf3 Be7 5. O-O O-O 6. d4 dxc4 7. Qc2 a6 8. Qxc4
b5 9. Qc2 Bb7 10. Bf4 Bd6 11. Rd1 Qe7 12. Nc3 Nbd7 13. Ne5 Bxg2 14. Kxg2 Nb6
15. Rac1 Nfd5 16. Nxd5 Nxd5 17. Qe4 Rfe8 18. Qf3 Qf6 19. e3 h6 20. Qh5 Qf5 21.
Qxf5 exf5 22. Nd3 Nxf4+ 23. gxf4 f6 24. Kf3 Kf7 25. Rg1 g5 26. h4 g4+ 27. Kg3
h5 28. Rc6 Re7 29. Rgc1 Ra7 30. Nc5 a5 31. d5 b4 32. Ne6 Kg6 33. Nd4 Rd7 34.
R1c4 Rd8 35. Kg2 Rd7 36. Kf1 Rd8 37. Ke2 Rd7 38. Ne6 Re7 39. Kd3 Kf7 40. Nd4
Kg6 41. Nb5 Rb7 42. Nxd6 cxd6 43. Rxd6 Rec7 44. Rxc7 Rxc7 45. Rc6 Rd7 46. Kd4
Kf7 47. Kc5 Ke7 48. Re6+ Kf7 49. Rc6 Ke7 50. Rc8 Kf7 51. Kc6 Re7 52. Rc7 1-0

[Event "Int. Stuttgarter Stadtmeisterschaft A"]
[Site "Ditzingen"]
[Date "2018.05.10"]
[Round "1.29"]
[White "Speicher, Franz"]
[Black "Gabriel, Josef"]
[Result "0-1"]
[WhiteElo "1876"]
[BlackElo "2106"]
[PlyCount "73"]
[EventDate "2018.??.??"]
[WhiteTeam "SV Dicker Turm Esslingen"]
[BlackTeam "Stuttgarter SF"]

1. d4 g6 2. e4 Bg7 3. c3 d6 4. Bd3 Nf6 5. Nf3 Nbd7 6. Bf4 O-O 7. h3 c5 8. Nbd2
cxd4 9. cxd4 e5 10. Bh2 Re8 11. d5 Nc5 12. Bc2 a5 13. O-O b5 14. Re1 Ba6 15. b3
Rc8 16. Rb1 b4 17. Nc4 a4 18. Nfd2 a3 19. f4 Nh5 20. f5 Na4 21. bxa4 Bxc4 22.
Nxc4 Rxc4 23. Bb3 Qb6+ 24. Kh1 Rc3 25. Qe2 Rec8 26. fxg6 hxg6 27. Qb5 Qf2 28.
Rf1 Qe3 29. Rbe1 Qd4 30. Bg1 Ng3+ 31. Kh2 Nxf1+ 32. Rxf1 Qxe4 33. Qd7 Rf8 34.
Qxd6 Bh6 35. Kh1 Rxh3+ 36. Bh2 Bf4 37. Bc2 0-1

[Event "Int. Stuttgarter Stadtmeisterschaft A"]
[Site "Ditzingen"]
[Date "2018.05.10"]
[Round "1.30"]
[White "Günther, Patrick"]
[Black "Narr, Matthias"]
[Result "1-0"]
[WhiteElo "2072"]
[BlackElo "1868"]
[PlyCount "151"]
[EventDate "2018.??.??"]
[WhiteTeam "Elmshorner SC"]
[BlackTeam "SR Heuberg-Gosheim"]

1. Nf3 f5 2. g3 Nf6 3. Bg2 d6 4. d4 e6 5. O-O Be7 6. b3 O-O 7. Bb2 d5 8. c4 c6
9. Nbd2 Bd7 10. Qc2 a5 11. a3 Na6 12. Ne5 Qc8 13. f3 Nc7 14. Nd3 Be8 15. e4
fxe4 16. fxe4 Bg6 17. Nf4 Bf7 18. Rae1 Qd8 19. e5 Nfe8 20. Nf3 g5 21. Nd3 Bg6
22. g4 Ng7 23. Qc3 Na6 24. Nf2 b5 25. cxb5 cxb5 26. Qd2 Rf4 27. Rc1 b4 28. a4
Rc8 29. Qe2 Nc7 30. h3 h6 31. Nd3 Rf7 32. Nc5 Rb8 33. Ne1 Rxf1+ 34. Qxf1 Rb6
35. Ned3 Nce8 36. Qf2 Rc6 37. Bf1 Qc8 38. Ne1 Nc7 39. Bd3 Bxd3 40. Nexd3 Bxc5
41. dxc5 Qf8 42. Qe3 Nge8 43. Rf1 Qe7 44. Bd4 Na6 45. Nf2 Rc7 46. Rc1 Rc6 47.
Nh1 Qh7 48. Ng3 Rc7 49. Nh5 Nb8 50. Rf1 Rf7 51. Nf6+ Nxf6 52. exf6 Qe4 53. Qxe4
dxe4 54. Kf2 Nc6 55. Bb2 Rd7 56. Ke3 Kf7 57. Kxe4 Rd5 58. Rf2 Rxc5 59. Rd2 e5
60. Rf2 Nb8 61. Bxe5 Nd7 62. Bb2 Rc6 63. Kd5 Re6 64. Bd4 Ra6 65. Kc4 Rd6 66.
Bb2 Rb6 67. Rd2 Nxf6 68. Rf2 Ke7 69. Bxf6+ Rxf6 70. Rxf6 Kxf6 71. Kb5 Ke5 72.
Kxa5 Kf4 73. Kxb4 Kg3 74. a5 Kxh3 75. a6 Kxg4 76. a7 1-0

[Event "Int. Stuttgarter Stadtmeisterschaft A"]
[Site "Ditzingen"]
[Date "2018.05.10"]
[Round "1.31"]
[White "Kobald, Jacqueline"]
[Black "Schulte, Torsten"]
[Result "1/2-1/2"]
[WhiteElo "1692"]
[BlackElo "2094"]
[PlyCount "59"]
[EventDate "2018.??.??"]
[WhiteTeam "SV Stuttgart-Wolfbusch"]
[BlackTeam "SC Böblingen"]

1. e4 c5 2. Nf3 e6 3. d4 cxd4 4. Nxd4 Nf6 5. Nc3 Nc6 6. g3 d5 7. Bg2 Bb4 8. O-O
O-O 9. Bf4 Bxc3 10. bxc3 Nxe4 11. Nxc6 bxc6 12. Bxe4 dxe4 13. Bd6 Re8 14. Qd4
f5 15. Rfd1 Ba6 16. Rd2 Qg5 17. Rad1 Red8 18. Qc5 Qg4 19. c4 e3 20. fxe3 Qxc4
21. a3 Rd7 22. Qxc4 Bxc4 23. Bc5 Rd5 24. Rxd5 exd5 25. Rb1 Bb5 26. c3 g6 27.
Ra1 Ba4 28. Rb1 Bb5 29. Ra1 Ba4 30. Rb1 1/2-1/2

[Event "Int. Stuttgarter Stadtmeisterschaft A"]
[Site "Ditzingen"]
[Date "2018.05.10"]
[Round "1.32"]
[White "Narr, Kevin"]
[Black "Jaster, Dirk"]
[Result "0-1"]
[WhiteElo "2089"]
[BlackElo "1849"]
[PlyCount "74"]
[EventDate "2018.??.??"]
[BlackTeam "SC Feuerbach"]

1. d4 Nf6 2. Nf3 e6 3. Bf4 d5 4. e3 Be7 5. Ne5 c6 6. c3 b6 7. Nd2 Bb7 8. Bd3
Nbd7 9. Qe2 Qc8 10. Rd1 a5 11. h4 h5 12. Ndf3 Ne4 13. Ng5 Nxe5 14. Bxe5 Nf6 15.
Qf3 Ba6 16. Bb1 Qd7 17. Nh3 O-O-O 18. Nf4 Rh6 19. g3 Rf8 20. Bxf6 gxf6 21. Nxh5
f5 22. Nf4 Bd6 23. Bd3 Bxd3 24. Nxd3 f6 25. Rc1 e5 26. Qd1 f4 27. gxf4 e4 28.
Qb3 Qc7 29. c4 exd3 30. cxd5 c5 31. Qxd3 Kb7 32. dxc5 Bxc5 33. Ke2 f5 34. a3
Qe7 35. Rcg1 Bd6 36. Qc3 Qc7 37. Rg7 Rf7 0-1

[Event "Int. Stuttgarter Stadtmeisterschaft A"]
[Site "Ditzingen"]
[Date "2018.05.10"]
[Round "1.33"]
[White "Kistler, Michael"]
[Black "Zeiler, Klaus"]
[Result "0-1"]
[WhiteElo "1848"]
[BlackElo "2063"]
[PlyCount "78"]
[EventDate "2018.??.??"]
[WhiteTeam "VfL Sindelfingen"]
[BlackTeam "SC Pfullendorf"]

1. d4 e6 2. c4 b6 3. Nf3 Bb7 4. a3 f5 5. Nc3 Nf6 6. g3 Be7 7. Bg2 O-O 8. O-O
Ne4 9. Nb1 Bf6 10. Ne1 d5 11. f3 Nd6 12. cxd5 exd5 13. Nc2 Nc6 14. Nc3 Ne7 15.
Bf4 Ng6 16. Bxd6 Qxd6 17. e4 fxe4 18. fxe4 dxe4 19. Nxe4 Bxe4 20. Bxe4 Rad8 21.
Qd3 Bxd4+ 22. Kh1 Bf6 23. Qb3+ Kh8 24. Nb4 Qd4 25. Bxg6 hxg6 26. Nc6 Qe4+ 27.
Qf3 Qxf3+ 28. Rxf3 Rd2 29. Ne5 Re8 30. Nxg6+ Kh7 31. Nf4 Bxb2 32. Raf1 Re5 33.
Rb3 c5 34. Rd3 Rxd3 35. Nxd3 Re2 36. Nxb2 Rxb2 37. Rf7 c4 38. Rxa7 c3 39. Rc7
c2 0-1

[Event "Int. Stuttgarter Stadtmeisterschaft A"]
[Site "Ditzingen"]
[Date "2018.05.10"]
[Round "1.34"]
[White "Faulhaber, Rolf"]
[Black "Schmidt, Markus"]
[Result "1-0"]
[WhiteElo "2065"]
[BlackElo "1825"]
[PlyCount "129"]
[EventDate "2018.??.??"]
[WhiteTeam "SK Tauberbischofsheim"]
[BlackTeam "Stuttgarter SF"]

1. Nf3 d6 2. d4 Nf6 3. c4 g6 4. Nc3 Bg7 5. g3 O-O 6. Bg2 c5 7. O-O Nbd7 8. b3
Rb8 9. Bb2 a6 10. Qd3 cxd4 11. Nxd4 Nc5 12. Qd2 Qa5 13. Rfd1 Re8 14. a3 Ne6 15.
e3 Qh5 16. Nde2 Ng5 17. Nf4 Nf3+ 18. Bxf3 Qxf3 19. Qe2 Qc6 20. f3 b5 21. cxb5
axb5 22. Nfd5 Nxd5 23. Nxd5 Qd7 24. Rac1 Bxb2 25. Qxb2 Qe6 26. e4 Rd8 27. Rc7
Bd7 28. Nf4 Qe5 29. Qxe5 dxe5 30. Rdxd7 Rxd7 31. Rxd7 exf4 32. gxf4 Ra8 33. Rb7
Rxa3 34. Rxb5 f6 35. Kf2 Ra2+ 36. Kg3 Kf7 37. b4 Rb2 38. Rb7 h5 39. h4 Rb1 40.
b5 Rg1+ 41. Kh2 Rf1 42. Kg2 Rb1 43. b6 Rb2+ 44. Kg3 Rb1 45. Rb8 Rb2 46. b7 Rb1
47. Kf2 Rb3 48. Ke2 Kg7 49. Kf2 Kf7 50. Kg3 Rb1 51. e5 f5 52. e6+ Kg7 53. Kf2
Rb3 54. Ke2 Kh7 55. Kd2 Rb6 56. Kd3 Rb1 57. Kc4 Rc1+ 58. Kd5 Rd1+ 59. Kc6 Rc1+
60. Kd7 Rd1+ 61. Kxe7 Rb1 62. Kd6 Rd1+ 63. Kc5 Rc1+ 64. Kd4 Rd1+ 65. Kc3 1-0

[Event "Int. Stuttgarter Stadtmeisterschaft A"]
[Site "Ditzingen"]
[Date "2018.05.10"]
[Round "1.35"]
[White "Handel, Oliver"]
[Black "Koch, Martin"]
[Result "1-0"]
[WhiteElo "1828"]
[BlackElo "2056"]
[PlyCount "103"]
[EventDate "2018.??.??"]
[WhiteTeam "SF Kornwestheim"]
[BlackTeam "SC Botnang"]

1. e4 c5 2. Nf3 e6 3. d4 cxd4 4. Nxd4 Nf6 5. Nc3 d6 6. Be2 a6 7. O-O Nbd7 8.
Be3 Qc7 9. f4 b5 10. a3 Bb7 11. Bd3 Be7 12. Re1 O-O 13. g4 Nb6 14. g5 Nfd7 15.
Qg4 Nc4 16. Bxc4 Qxc4 17. Rad1 Rfe8 18. f5 Ne5 19. Qg3 Rad8 20. h4 Bf8 21. h5
Qc8 22. g6 exf5 23. gxf7+ Nxf7 24. exf5 Ne5 25. Ne6 Rxe6 26. fxe6 Qxe6 27. Rf1
Qe8 28. Bd4 Rc8 29. Rf5 Qc6 30. Rdf1 a5 31. Qh2 b4 32. axb4 axb4 33. Nd1 Qe4
34. R5f4 Qc6 35. Ne3 Be7 36. c3 bxc3 37. bxc3 Bg5 38. Qa2+ d5 39. Bxe5 Bxf4 40.
Rxf4 Re8 41. Bd4 Qd6 42. Qf2 Qe6 43. Qg3 Re7 44. Rf5 h6 45. Rf6 Qe4 46. Rxh6
Qb1+ 47. Kh2 Qb2+ 48. Ng2 Qe2 49. Qg6 Qe4 50. Qxe4 dxe4 51. Rg6 Bc8 52. h6 1-0

[Event "Int. Stuttgarter Stadtmeisterschaft A"]
[Site "Ditzingen"]
[Date "2018.05.10"]
[Round "1.36"]
[White "Seitz, Patrick"]
[Black "Huels, Maximilian"]
[Result "1-0"]
[WhiteElo "2038"]
[BlackElo "1824"]
[PlyCount "71"]
[EventDate "2018.??.??"]
[WhiteTeam "SR Heuberg-Gosheim"]
[BlackTeam "SV Mattnetz Berlin"]

1. e4 e6 2. d4 d5 3. Nd2 Nf6 4. e5 Nfd7 5. c3 c5 6. Bd3 Nc6 7. Ne2 cxd4 8. cxd4
f6 9. exf6 Nxf6 10. O-O Bd6 11. Nf3 Qc7 12. Ng3 O-O 13. Bg5 Bd7 14. Rc1 Bf4 15.
Bxf4 Qxf4 16. Re1 Kh8 17. Bb1 Rac8 18. Rc3 Qd6 19. a3 b6 20. Ne5 Qe7 21. Rce3
Nxe5 22. Rxe5 Qf7 23. h3 Rc7 24. Qd2 Bc8 25. R1e3 Rc6 26. Rf3 Qc7 27. Kh2 Re8
28. Qg5 Qe7 29. Qh4 Rc7 30. Nf5 Qf8 31. Nxg7 Kxg7 32. Qg5+ Kh8 33. Rxf6 Qd6 34.
Rh6 Rf7 35. Bxh7 Rg7 36. Qh4 1-0

[Event "Int. Stuttgarter Stadtmeisterschaft A"]
[Site "Ditzingen"]
[Date "2018.05.10"]
[Round "1.37"]
[White "Altimira, Jordi"]
[Black "Wettengel, Alexander"]
[Result "0-1"]
[WhiteElo "1820"]
[BlackElo "2042"]
[PlyCount "94"]
[EventDate "2018.??.??"]
[WhiteTeam "SV Rottweil"]
[BlackTeam "Stuttgarter SF"]

1. e4 e6 2. d4 d5 3. Nc3 dxe4 4. Nxe4 Nd7 5. Nf3 Ngf6 6. Bd3 c5 7. O-O cxd4 8.
Nxd4 Nxe4 9. Bxe4 Nf6 10. Bg5 Bc5 11. Nb3 Be7 12. Qxd8+ Bxd8 13. Rad1 O-O 14.
Bf3 Bc7 15. Bxf6 gxf6 16. Nc5 Rd8 17. Rxd8+ Bxd8 18. Nxb7 Bxb7 19. Bxb7 Rb8 20.
Rd1 Bc7 21. Be4 Rxb2 22. g4 Rxa2 23. h4 Ra4 24. f3 h5 25. Re1 hxg4 26. fxg4 Bg3
27. Re2 Bxh4 28. Kg2 a5 29. Kh3 Bg5 30. Bc6 Ra3+ 31. Kg2 Bf4 32. c4 Kf8 33. Re4
Be5 34. Kf2 Bc3 35. Ke2 Ke7 36. Re3 Ra2+ 37. Kf3 Bd4 38. Re2 Ra3+ 39. Ke4 Bc5
40. Rd2 Re3+ 41. Kf4 Rc3 42. Rd7+ Kf8 43. Bb5 a4 44. Rd8+ Kg7 45. Ra8 a3 46.
Ra5 Bd6+ 47. Ke4 Rg3 0-1

[Event "Int. Stuttgarter Stadtmeisterschaft A"]
[Site "Ditzingen"]
[Date "2018.05.10"]
[Round "1.38"]
[White "Büter, Norbert"]
[Black "Peters, Theresa"]
[Result "1-0"]
[WhiteElo "2032"]
[BlackElo "1815"]
[PlyCount "65"]
[EventDate "2018.??.??"]
[WhiteTeam "SpVgg Rommelshausen"]
[BlackTeam "SG KK Hohentübingen"]

1. d4 Nf6 2. c4 g6 3. Nc3 Bg7 4. e4 d6 5. f3 O-O 6. Be3 e5 7. Nge2 Nc6 8. d5
Ne7 9. Qd2 a5 10. g4 c6 11. Ng3 Nd7 12. O-O-O cxd5 13. cxd5 b6 14. h4 Nc5 15.
h5 Bd7 16. Bh6 Rc8 17. hxg6 fxg6 18. Bxg7 Kxg7 19. Qh6+ Kf7 20. Qxh7+ Ke8 21.
Kb1 a4 22. Qg7 Rg8 23. Rh8 Rxh8 24. Qxh8+ Kf7 25. Qxd8 Rxd8 26. Bb5 Ng8 27. Kc2
Rc8 28. Kd2 Ke7 29. Rh1 Nf6 30. g5 Ne8 31. Rh7+ Kd8 32. Bxd7 Nxd7 33. Nxa4 1-0

[Event "Int. Stuttgarter Stadtmeisterschaft A"]
[Site "Ditzingen"]
[Date "2018.05.10"]
[Round "1.39"]
[White "Ruff, Robert"]
[Black "Reindl, Arno"]
[Result "0-1"]
[WhiteElo "1806"]
[BlackElo "2028"]
[PlyCount "100"]
[EventDate "2018.??.??"]
[WhiteTeam "SK Sachsenheim"]
[BlackTeam "SG Schwäbisch Gmünd"]

1. d4 Nf6 2. c4 g6 3. Nc3 d5 4. Qb3 dxc4 5. Qxc4 Bg7 6. e4 O-O 7. Nf3 Nc6 8.
Be3 Ng4 9. Be2 Nxe3 10. fxe3 Bg4 11. O-O Bh6 12. Qd3 Nb4 13. Qd2 c5 14. d5 Qb6
15. Bc4 Bxf3 16. Rxf3 Rad8 17. a3 Nc6 18. Rh3 Bg7 19. Rf1 Ne5 20. Be2 a6 21.
Rg3 Qd6 22. a4 c4 23. Rh3 Qc5 24. Qc2 b5 25. Nd1 Rd6 26. Nf2 Qb4 27. Ng4 Nxg4
28. Bxg4 Qxb2 29. Qd1 c3 30. Rf2 Qb4 31. Qd3 Qxa4 32. Rhf3 Rf6 33. Bd7 Rxf3 34.
gxf3 Qa3 35. f4 b4 36. e5 Qa5 37. Qc4 Qb6 38. Re2 Rd8 39. Ba4 a5 40. Kg2 Rb8
41. Bb3 Qb5 42. Rc2 Qxc4 43. Bxc4 a4 44. Rf2 b3 45. d6 exd6 46. exd6 b2 47. f5
b1=Q 48. fxg6 Qxg6+ 49. Kh3 c2 50. Rxf7 Qxf7 0-1

[Event "Int. Stuttgarter Stadtmeisterschaft A"]
[Site "Ditzingen"]
[Date "2018.05.10"]
[Round "1.40"]
[White "Scholtes, Benedikt"]
[Black "Meißner, Mogens"]
[Result "1-0"]
[WhiteElo "2028"]
[BlackElo "1797"]
[PlyCount "111"]
[EventDate "2018.??.??"]
[WhiteTeam "SG Trier"]
[BlackTeam "SK Bietigheim-Bissingen"]

1. c4 Nf6 2. Nc3 c5 3. g3 g6 4. Bg2 Bg7 5. e4 Nc6 6. d3 d6 7. Nge2 e5 8. O-O
O-O 9. h3 Be6 10. Kh2 a6 11. f4 h6 12. f5 Bd7 13. g4 g5 14. Ng3 Nd4 15. Be3 Bc6
16. Qd2 Nh7 17. Nh5 f6 18. Rab1 Qd7 19. Nd5 Bxd5 20. exd5 b5 21. Bxd4 cxd4 22.
b4 Rfc8 23. Nxg7 Kxg7 24. Rfc1 Ra7 25. c5 Rac7 26. c6 Qd8 27. a4 Ra7 28. Ra1
bxa4 29. Rxa4 Qb6 30. Rca1 Rca8 31. Qa2 Kf7 32. Bf3 Qb5 33. Qa3 Ke7 34. Ra5 Qb6
35. b5 Nf8 36. Bd1 e4 37. dxe4 d3 38. Bf3 Qf2+ 39. Bg2 d2 40. Qd3 axb5 41.
Rxa7+ Rxa7 42. Rxa7+ Qxa7 43. Qxd2 Qa4 44. Qc3 b4 45. Qc4 Kd8 46. Qd4 Qa3 47.
Qxf6+ Kc7 48. Qxf8 Qc1 49. Qe7+ Kb6 50. Qxd6 Kb5 51. c7 Ka5 52. f6 b3 53. f7 b2
54. Qa3+ Kb6 55. f8=Q Qxc7+ 56. Qfd6+ 1-0

[Event "Int. Stuttgarter Stadtmeisterschaft A"]
[Site "Ditzingen"]
[Date "2018.05.10"]
[Round "1.41"]
[White "Giebler, Kai"]
[Black "Döring, Stefan"]
[Result "0-1"]
[WhiteElo "1788"]
[BlackElo "1983"]
[PlyCount "46"]
[EventDate "2018.??.??"]
[WhiteTeam "TSF Ditzingen"]
[BlackTeam "SC Tamm"]

1. e4 c5 2. Nf3 e6 3. d4 cxd4 4. Nxd4 Nc6 5. Nc3 Qc7 6. Be3 a6 7. Qd2 Nf6 8. f3
Be7 9. O-O-O O-O 10. g4 b5 11. g5 Nh5 12. Bh3 Nxd4 13. Bg4 b4 14. Bxh5 Nb5 15.
Ne2 Qa5 16. Kb1 Rb8 17. Ka1 Rd8 18. f4 d5 19. e5 d4 20. Nxd4 Bb7 21. Rhf1 Bd5
22. b3 Nc3 23. a4 Nxa4 0-1

[Event "Int. Stuttgarter Stadtmeisterschaft A"]
[Site "Ditzingen"]
[Date "2018.05.10"]
[Round "1.42"]
[White "Fischer, Daniel"]
[Black "Verbitsky, Jaroslaw"]
[Result "0-1"]
[WhiteElo "2004"]
[BlackElo "1765"]
[PlyCount "68"]
[EventDate "2018.??.??"]
[WhiteTeam "SVG Offenburg"]
[BlackTeam "SV Mattnetz Berlin"]

1. Nf3 Nf6 2. c4 c6 3. g3 d5 4. Bg2 e6 5. b3 Bd6 6. O-O O-O 7. d4 b6 8. Nc3 Ba6
9. Nd2 e5 10. cxd5 exd4 11. Nce4 Nxd5 12. Nxd6 Nc3 13. Qc2 Nxe2+ 14. Kh1 d3 15.
Qb2 Qxd6 16. Nc4 Qd4 17. Qxd4 Nxd4 18. Be3 Nc2 19. Rad1 Bxc4 20. bxc4 Nxe3 21.
fxe3 Rd8 22. Rf4 Nd7 23. Bxc6 Rac8 24. Bd5 Ne5 25. Rd4 Rd7 26. Kg2 Kf8 27. Kf1
Rc5 28. Be4 Rdc7 29. Bxd3 Nxd3 30. R1xd3 Rxc4 31. Rd8+ Ke7 32. h4 Rc3 33. Ke2
Rxd3 34. Rxd3 Rc2+ 0-1

[Event "Int. Stuttgarter Stadtmeisterschaft A"]
[Site "Ditzingen"]
[Date "2018.05.10"]
[Round "2.1"]
[White "Turov, Maxim"]
[Black "Hesse, Henrik"]
[Result "1-0"]
[WhiteElo "2602"]
[BlackElo "2109"]
[PlyCount "99"]
[EventDate "2018.??.??"]
[BlackTeam "SV Mattnetz Berlin"]

1. Nf3 Nf6 2. g3 d5 3. Bg2 e6 4. O-O Be7 5. d3 O-O 6. Nbd2 c5 7. e4 Nc6 8. Re1
dxe4 9. dxe4 e5 10. c3 Qc7 11. Qc2 a6 12. a4 b6 13. Nc4 Bb7 14. Qb3 Bd8 15. Bg5
Na5 16. Nxa5 bxa5 17. Bxf6 Bxf6 18. Nd2 Bc8 19. Bf1 Bg5 20. Nf3 Bf6 21. Nd2 Bg5
22. Nc4 Be6 23. h4 Be7 24. Qc2 Rab8 25. Rab1 Rfd8 26. b3 Bxc4 27. Bxc4 Rd6 28.
Qe2 Rbb6 29. Qh5 Rf6 30. Rbd1 g6 31. Qe2 Kg7 32. Rd5 Bd6 33. Red1 Qc6 34. h5 g5
35. Qg4 h6 36. f4 exf4 37. e5 Bxe5 38. Rxe5 fxg3 39. Rf5 Qc7 40. Rdf1 Qe7 41.
Qxg3 Rxf5 42. Rxf5 f6 43. Rd5 Re6 44. Qd3 Re1+ 45. Kf2 f5 46. Rd7 Re2+ 47. Qxe2
Qxd7 48. Qe5+ Kh7 49. Ke2 f4 50. Qe6 1-0

[Event "Int. Stuttgarter Stadtmeisterschaft A"]
[Site "Ditzingen"]
[Date "2018.05.10"]
[Round "2.2"]
[White "Schwab, Matthias"]
[Black "Kryakvin, Dmitry"]
[Result "0-1"]
[WhiteElo "2117"]
[BlackElo "2573"]
[PlyCount "74"]
[EventDate "2018.??.??"]
[WhiteTeam "SC Böblingen"]

1. d4 Nf6 2. c4 e6 3. Nc3 Bb4 4. Qc2 d6 5. a3 Bxc3+ 6. Qxc3 b6 7. Nf3 Bb7 8. g3
a5 9. Bg2 a4 10. O-O Nbd7 11. b4 axb3 12. Qxb3 O-O 13. a4 Be4 14. Bd2 Ra6 15.
Ra3 Qa8 16. Rfa1 Rb8 17. Qa2 Rb7 18. Ne1 Bxg2 19. Nxg2 Rba7 20. e3 Ne4 21. Be1
Ng5 22. h4 Nf3+ 23. Kf1 Nf6 24. Nf4 h6 25. Ne2 Ng4 26. Nc3 Ngh2+ 27. Ke2 Ng1+
28. Kd3 Qg2 29. Nb5 Qf1+ 30. Kc3 Rb7 31. a5 Nhf3 32. axb6 Raxb6 33. Ra8+ Kh7
34. Rf8 Ne2+ 35. Kb3 Rxb5+ 36. cxb5 Nexd4+ 37. exd4 Qd3+ 0-1

[Event "Int. Stuttgarter Stadtmeisterschaft A"]
[Site "Ditzingen"]
[Date "2018.05.10"]
[Round "2.3"]
[White "Ikonnikov, Vyacheslav"]
[Black "Günther, Patrick"]
[Result "1-0"]
[WhiteElo "2541"]
[BlackElo "2072"]
[PlyCount "75"]
[EventDate "2018.??.??"]
[BlackTeam "Elmshorner SC"]

1. d4 Nf6 2. Nf3 d5 3. c4 e6 4. Nc3 Bb4 5. Qa4+ Nc6 6. e3 O-O 7. Bd2 dxc4 8.
Bxc4 Bd6 9. Nb5 Be7 10. O-O a6 11. Nc3 Bd6 12. h3 e5 13. Qc2 h6 14. Rfd1 Qe7
15. Be1 Re8 16. a3 e4 17. Nd2 Bf5 18. f3 Bh7 19. Ndxe4 Nxe4 20. fxe4 Bxe4 21.
Qf2 Bg6 22. e4 Rad8 23. Kh1 Qd7 24. Qf3 Bf8 25. Bf2 Kh8 26. Bd5 f6 27. Re1 a5
28. Rad1 Ne7 29. Bxb7 Rb8 30. e5 fxe5 31. dxe5 Qe6 32. Nd5 Rxb7 33. Nxe7 Rxb2
34. Nxg6+ Qxg6 35. Rd7 Bxa3 36. e6 Bb4 37. Bd4 Bxe1 38. Rxg7 1-0

[Event "Int. Stuttgarter Stadtmeisterschaft A"]
[Site "Ditzingen"]
[Date "2018.05.10"]
[Round "2.4"]
[White "Gabriel, Josef"]
[Black "Maiorov, Nikita"]
[Result "0-1"]
[WhiteElo "2106"]
[BlackElo "2532"]
[PlyCount "68"]
[EventDate "2018.??.??"]
[WhiteTeam "Stuttgarter SF"]

1. e4 e5 2. Nf3 Nc6 3. Bb5 Nf6 4. O-O Nxe4 5. Re1 Nd6 6. Nxe5 Be7 7. Bf1 Nf5 8.
c3 O-O 9. d4 d5 10. Bd3 Bd6 11. Nd2 Nce7 12. Nf1 f6 13. Nf3 g6 14. b3 c6 15. a4
Ng7 16. h3 Rf7 17. Ba3 Bxa3 18. Rxa3 Nh5 19. b4 Nf4 20. Ng3 Qd6 21. Ra2 Bd7 22.
Bf1 g5 23. Nh2 Kh8 24. Nh5 Raf8 25. Nxf4 gxf4 26. Qh5 Bf5 27. Rae2 Be4 28. Rxe4
dxe4 29. Rxe4 Nd5 30. Bc4 Nxc3 31. Bxf7 Nxe4 32. Ng4 Qe7 33. Bg6 Ng3 34. Qh6
Qe1+ 0-1

[Event "Int. Stuttgarter Stadtmeisterschaft A"]
[Site "Ditzingen"]
[Date "2018.05.10"]
[Round "2.5"]
[White "Zuferi, Enis"]
[Black "Faulhaber, Rolf"]
[Result "1-0"]
[WhiteElo "2342"]
[BlackElo "2065"]
[PlyCount "53"]
[EventDate "2018.??.??"]
[WhiteTeam "Heilbronner SV"]
[BlackTeam "SK Tauberbischofsheim"]

1. d4 e6 2. c4 Nf6 3. Nf3 b6 4. g3 Ba6 5. Nbd2 Bb4 6. Qb3 c5 7. a3 Ba5 8. Bg2
Nc6 9. O-O O-O 10. d5 exd5 11. cxd5 Ne7 12. Nc4 b5 13. Nxa5 Qxa5 14. Bg5 Qb6
15. Rfd1 c4 16. Qc2 Nexd5 17. e4 Nc7 18. Be3 Qe6 19. e5 Ng4 20. Bc5 Nd5 21. h3
Rfc8 22. Ng5 Qh6 23. hxg4 Qxg5 24. Bxd5 Qxe5 25. Bd6 Qf6 26. Qc3 Qg6 27. Qf3
1-0

[Event "Int. Stuttgarter Stadtmeisterschaft A"]
[Site "Ditzingen"]
[Date "2018.05.10"]
[Round "2.6"]
[White "Zeiler, Klaus"]
[Black "Reuss, Andreas"]
[Result "1/2-1/2"]
[WhiteElo "2063"]
[BlackElo "2346"]
[PlyCount "21"]
[EventDate "2018.??.??"]
[WhiteTeam "SC Pfullendorf"]

1. b3 d5 2. e3 e5 3. Bb2 f6 4. f4 exf4 5. Nh3 fxe3 6. Nf4 exd2+ 7. Nxd2 Qe7+ 8.
Be2 c6 9. O-O Qe3+ 10. Kh1 Bd6 11. Bg4 1/2-1/2

[Event "Int. Stuttgarter Stadtmeisterschaft A"]
[Site "Ditzingen"]
[Date "2018.05.10"]
[Round "2.7"]
[White "Koepke, Christian"]
[Black "Seitz, Patrick"]
[Result "1-0"]
[WhiteElo "2328"]
[BlackElo "2038"]
[PlyCount "120"]
[EventDate "2018.??.??"]
[WhiteTeam "SC Garching"]
[BlackTeam "SR Heuberg-Gosheim"]

1. d4 Nf6 2. Bg5 d5 3. e3 e6 4. Nd2 Be7 5. Ngf3 Nbd7 6. Bd3 O-O 7. c3 h6 8. Bh4
Nh7 9. Bg3 f5 10. c4 c6 11. Qc2 Nhf6 12. cxd5 cxd5 13. h3 Ne4 14. Bh2 Ndf6 15.
Nb3 Bb4+ 16. Ke2 Qe8 17. a3 Be7 18. Ne5 Bd7 19. Nxd7 Qxd7 20. Qc7 Rac8 21. Qxd7
Nxd7 22. Rac1 Nb6 23. f3 Nf6 24. Nc5 Bxc5 25. dxc5 Nbd7 26. Bd6 Rf7 27. b4 Ne8
28. Bh2 e5 29. Bb1 e4 30. Ba2 Ndf6 (30... Nef6 31. Rhd1) 31. Rhd1 Rd7 32. Rd4
Kf7 33. Bb3 a6 34. Be5 Ke6 35. Bh2 Kf7 36. Rd2 Ke6 37. Rdc2 Re7 38. c6 b5 39.
c7 Kd7 40. Rc6 Re6 41. Rxe6 Kxe6 42. Rc6+ Kd7 43. Rxa6 Nxc7 44. Rd6+ Ke7 45.
Rc6 Kd7 46. Rd6+ Ke7 47. Rc6 Kd7 48. Rc5 Ne6 49. Rxb5 Rc3 50. Bxd5 Rc2+ 51. Kd1
Rxg2 52. Be5 Nxd5 53. Rxd5+ Kc8 54. fxe4 fxe4 55. a4 Rg1+ 56. Kc2 Rh1 57. Rd6
Ng5 58. b5 Rxh3 59. Rc6+ Kb7 60. a5 Nf3 1-0